[Event "Sueca op 5th"]
[Site "Sueca"]
[Date "2019.07.27"]
[Round "8"]
[White "Serna Lara, Sergio"]
[Black "Mancebo Ibanez, Fernando"]
[Result "1-0"]
[WhiteElo "2199"]
[BlackElo "2090"]
[PlyCount "97"]
[EventDate "2019.07.22"]
[EventType "swiss"]
[EventRounds "9"]
[EventCountry "ESP"]
[SourceTitle "EXT 2020"]
[Source "ChessBase"]
[SourceDate "2019.10.17"]
[SourceVersion "1"]
[SourceVersionDate "2019.10.17"]
[SourceQuality "1"]

1. Nf3 d5 2. d4 c6 3. c4 e6 4. e3 Nf6 5. b3 Nbd7 6. Bb2 Ne4 7. Bd3 f5 8. 0-0 Bd6 9. Ba3 Bxa3 10. Nxa3 Qe7 11. Nc2 0-0 12. b4 a5 13. a3 b5 14. c5 a4 15. Ne5 Nxe5 16. dxe5 Qc7 17. f3 Ng5 18. f4 Nf7 19. g4 Nd8 20. Nd4 Qe7 21. Ra2 Qh4 22. Rg2 Ra7 23. Kh1 Raf7 24. Rfg1 Qe7 25. Qe1 Kh8 26. Rg3 g6 27. R3g2 Bd7 28. Qg3 Rg7 29. h4 h6 30. Rh2 Be8 31. Rhg2 Bd7 32. Qh3 Rfg8 33. Nf3 Nf7 34. Nd4 Nd8 35. Qh2 h5 36. gxh5 gxh5 37. Rg5 Rxg5 38. hxg5 Be8 39. Rg3 Bg6 40. Rh3 Kg7 41. Be2 Qf7 42. Bxh5 Rh8 43. Be2 Rxh3 44. Qxh3 Kg8 45. Kg2 Qh7 46. Qxh7+ Kxh7 47. Nxb5 cxb5 48. Bxb5 Kg7 49. c6 1-0

[Event "Sueca op 5th"]
[Site "Sueca"]
[Date "2019.07.22"]
[Round "1"]
[White "Vila Todosantos, Jose Miguel"]
[Black "Serna Lara, Sergio"]
[Result "0-1"]
[WhiteElo "1669"]
[BlackElo "2199"]
[PlyCount "60"]
[EventDate "2019.07.22"]
[EventType "swiss"]
[EventRounds "9"]
[EventCountry "ESP"]
[SourceTitle "EXT 2020"]
[Source "ChessBase"]
[SourceDate "2019.10.17"]
[SourceVersion "1"]
[SourceVersionDate "2019.10.17"]
[SourceQuality "1"]

1. e4 c5 2. Nf3 a6 3. d4 cxd4 4. Nxd4 Nf6 5. Nc3 e5 6. Nde2 Bc5 7. h3 Qb6 8. Be3 Bxe3 9. fxe3 Qxe3 10. Qd3 Qc5 11. g4 h6 12. 0-0-0 Nc6 13. Kb1 b5 14. Qd6 Qxd6 15. Rxd6 Ke7 16. Rd1 Bb7 17. Bg2 d6 18. Ng3 Nd4 19. Rhf1 g6 20. Nd5+ Bxd5 21. exd5 b4 22. c3 bxc3 23. bxc3 Rab8+ 24. Kc1 Rhc8 25. Rd3 Nd7 26. Re1 Nb5 27. Kd2 Nxc3 28. Rxc3 Rb2+ 29. Kd3 Rxc3+ 30. Kxc3 Rxg2 0-1

[Event "Benidorm op U2300 16th"]
[Site "Benidorm"]
[Date "2017.12.09"]
[Round "10"]
[White "Serna Lara, Sergio"]
[Black "Fernandez Barrera, Victor"]
[Result "1/2-1/2"]
[WhiteElo "2224"]
[BlackElo "2300"]
[PlyCount "55"]
[EventDate "2017.12.01"]
[EventType "swiss"]
[EventRounds "10"]
[EventCountry "ESP"]
[SourceTitle "EXT 2019"]
[Source "ChessBase"]
[SourceDate "2018.10.10"]
[SourceVersion "1"]
[SourceVersionDate "2018.10.10"]
[SourceQuality "1"]

1. d4 Nf6 2. Nf3 e6 3. c4 b6 4. Bf4 Bb7 5. e3 Bb4+ 6. Nfd2 0-0 7. a3 Be7 8. Nc3 c5 9. d5 d6 10. e4 e5 11. Be3 Bc8 12. Be2 Ne8 13. Bg4 g6 14. Bxc8 Qxc8 15. g4 Ng7 16. Rg1 Qd8 17. Nf3 Nd7 18. Qe2 a6 19. a4 Kh8 20. Bh6 Rg8 21. h4 Ne8 22. Bd2 Ng7 23. Bh6 Ne8 24. g5 Ng7 25. Bxg7+ Rxg7 26. Qe3 f5 27. gxf6 Bxf6 28. Ng5 1/2-1/2

[Event "La Roda op 42nd"]
[Site "La Roda"]
[Date "2015.04.03"]
[Round "5"]
[White "Serna Lara, Sergio"]
[Black "Smirnov, Artem"]
[Result "1/2-1/2"]
[WhiteElo "2221"]
[BlackElo "2456"]
[PlyCount "100"]
[EventDate "2015.04.01"]
[EventType "swiss"]
[EventRounds "9"]
[EventCountry "ESP"]
[SourceTitle "CBM 165 Extra"]
[Source "ChessBase"]
[SourceDate "2015.04.21"]
[SourceVersion "1"]
[SourceVersionDate "2015.04.21"]
[SourceQuality "1"]

1. d4 Nf6 2. c4 e6 3. Nf3 Bb4+ 4. Nbd2 0-0 5. e3 b6 6. Bd3 Bb7 7. 0-0 d5 8. a3 Bxd2 9. Bxd2 Nbd7 10. cxd5 Bxd5 11. b4 c5 12. dxc5 bxc5 13. Rc1 Bxf3 14. gxf3 Ne5 15. Be2 c4 16. Bc3 Nd3 17. Bxd3 cxd3 18. Bxf6 Qxf6 19. Qxd3 Qxf3 20. Rfd1 h5 21. Qf1 Rad8 22. Rxd8 Rxd8 23. Qg2 Qf6 24. Qe4 g6 25. Rc5 Rd1+ 26. Kg2 Qa1 27. Kf3 Rd5 28. Kg3 Rd1 29. Kf3 Rd8 30. Kg2 Qxa3 31. Ra5 Qb2 32. Rxa7 Rd5 33. Ra8+ Kg7 34. Ra5 Rd2 35. Qe5+ Qxe5 36. Rxe5 Rb2 37. b5 Rc2 38. Re4 Rb2 39. Re5 Kf6 40. Rc5 h4 41. h3 e5 42. Rc6+ Kf5 43. b6 f6 44. Rd6 g5 45. e4+ Kg6 46. Rc6 Rb4 47. Kf3 Rb5 48. Kg2 Rb4 49. Kf3 Rb3+ 50. Kg2 Rb4 1/2-1/2

[Event "Benidorm op U2300 13th"]
[Site "Benidorm"]
[Date "2014.12.03"]
[Round "6"]
[White "Serna Lara, Sergio"]
[Black "Schmidt, Ralf"]
[Result "1-0"]
[WhiteElo "2230"]
[BlackElo "2119"]
[PlyCount "77"]
[EventDate "2014.11.28"]
[EventType "swiss"]
[EventRounds "10"]
[EventCountry "ESP"]
[SourceTitle "CBM 163 Extra"]
[Source "ChessBase"]
[SourceDate "2014.12.23"]
[SourceVersion "1"]
[SourceVersionDate "2014.12.23"]
[SourceQuality "1"]

1. d4 g6 2. c4 Bg7 3. e4 d6 4. Nc3 Nd7 5. Bg5 h6 6. Be3 e5 7. d5 Ngf6 8. Be2 Nc5 9. f3 a5 10. Qd2 Nh5 11. 0-0-0 f5 12. exf5 gxf5 13. Nh3 Nf6 14. Nf2 h5 15. Nd3 b6 16. Rde1 Qe7 17. Bd1 Bd7 18. Bc2 Kd8 19. Nxc5 bxc5 20. Ba4 Bxa4 21. Nxa4 Qe8 22. Nc3 Qg6 23. Qc2 Bh6 24. Bxh6 Qxh6+ 25. Kb1 Qg5 26. Rhf1 h4 27. g3 hxg3 28. hxg3 Nh5 29. f4 Qg7 30. fxe5 Nxg3 31. Rg1 dxe5 32. Qf2 f4 33. Qxc5 Rh6 34. Ka1 Raa6 35. Nb5 Rhg6 36. Na7 e4 37. Nc6+ Ke8 38. Rxg3 Raxc6 39. Qxc6+ 1-0

[Event "Almansa op-A"]
[Site "Almansa"]
[Date "2014.08.07"]
[Round "5"]
[White "Jordan Martinez, Miguel"]
[Black "Serna Lara, Sergio"]
[Result "1/2-1/2"]
[WhiteElo "2205"]
[BlackElo "2260"]
[PlyCount "33"]
[EventDate "2014.08.05"]
[EventType "swiss"]
[EventRounds "9"]
[EventCountry "ESP"]
[SourceTitle "EXT 2019"]
[Source "ChessBase"]
[SourceDate "2018.10.10"]
[SourceVersion "1"]
[SourceVersionDate "2018.10.10"]
[SourceQuality "1"]

1. e4 c6 2. d4 d5 3. e5 Bf5 4. Nf3 e6 5. a3 Nd7 6. c4 dxc4 7. Bxc4 Nb6 8. Bb3 Ne7 9. Nc3 Ned5 10. 0-0 Be7 11. Be3 0-0 12. Qd2 Rc8 13. Rac1 Qd7 14. h3 Rfd8 15. Rfd1 Qe8 16. Qe2 h6 17. Kh2 1/2-1/2

[Event "Almansa op-A"]
[Site "Almansa"]
[Date "2014.08.05"]
[Round "1"]
[White "Serna Lara, Sergio"]
[Black "Bernabeu Lopez, Carlos Javier"]
[Result "1-0"]
[WhiteElo "2260"]
[BlackElo "2047"]
[PlyCount "73"]
[EventDate "2014.08.05"]
[EventType "swiss"]
[EventRounds "9"]
[EventCountry "ESP"]
[SourceTitle "EXT 2019"]
[Source "ChessBase"]
[SourceDate "2018.10.10"]
[SourceVersion "1"]
[SourceVersionDate "2018.10.10"]
[SourceQuality "1"]

1. d4 Nf6 2. c4 e6 3. Nc3 Bb4 4. Qc2 b6 5. e4 d6 6. Qa4+ Nc6 7. Qxc6+ Bd7 8. Qb7 a5 9. e5 dxe5 10. dxe5 c6 11. exf6 Rb8 12. fxg7 Rg8 13. Bg5 Be7 14. Bxe7 Kxe7 15. Qxb8 Qxb8 16. Nf3 Rxg7 17. g3 b5 18. 0-0-0 Rg8 19. Bd3 h6 20. Rhe1 Rc8 21. Ne5 Be8 22. f4 a4 23. Rd2 Qa7 24. f5 a3 25. b3 Rd8 26. fxe6 fxe6 27. Kc2 b4 28. Na4 Qd4 29. Nf3 Qf6 30. Ne5 Rd4 31. Nc5 Rd6 32. Re4 Bf7 33. Rde2 Bg8 34. Rf4 Qg5 35. Rg4 Qf6 36. Rxg8 Qf1 37. Rg7+ 1-0

[Event "Mislata op-A 47th"]
[Site "Mislata"]
[Date "2013.08.13"]
[Round "3"]
[White "Sanchez Dengra, Jose Maria"]
[Black "Serna Lara, Sergio"]
[Result "1/2-1/2"]
[WhiteElo "2134"]
[BlackElo "2287"]
[PlyCount "35"]
[EventDate "2013.08.12"]
[EventType "swiss"]
[EventRounds "9"]
[EventCountry "ESP"]
[SourceTitle "CBM 155 Extra"]
[Source "ChessBase"]
[SourceDate "2013.08.26"]
[SourceVersion "1"]
[SourceVersionDate "2013.08.26"]
[SourceQuality "1"]

1. e4 e6 2. d4 d5 3. Bd3 c5 4. exd5 Qxd5 5. Nc3 Qxd4 6. Nb5 Qd8 7. Bf4 Na6 8. Qe2 Qa5+ 9. c3 Nf6 10. Rd1 Bd7 11. Nf3 Be7 12. Ne5 Bxb5 13. Bxb5+ Kf8 14. 0-0 Nc7 15. Bc4 Ncd5 16. Bg5 Qc7 17. Rfe1 Bd6 18. Bxf6 1/2-1/2

[Event "ESP-chT CECLUB Div2"]
[Site "Ciudad Real"]
[Date "2013.08.09"]
[Round "4.4"]
[White "Serna Lara, Sergio"]
[Black "Ibarra Jerez, Jose Carlos"]
[Result "1/2-1/2"]
[WhiteElo "2287"]
[BlackElo "2538"]
[PlyCount "67"]
[EventDate "2013.08.07"]
[EventType "team-swiss"]
[EventRounds "6"]
[EventCountry "ESP"]
[SourceTitle "CBM 155 Extra"]
[Source "ChessBase"]
[SourceDate "2013.08.26"]
[SourceVersion "1"]
[SourceVersionDate "2013.08.26"]
[SourceQuality "1"]
[WhiteTeam "Tarazona"]
[BlackTeam "Albox Reverte"]
[WhiteTeamCountry "ESP"]
[BlackTeamCountry "ESP"]

1. d4 d6 2. Nf3 Bg4 3. c4 Nd7 4. g3 Bxf3 5. exf3 g6 6. Bg2 Bg7 7. 0-0 c6 8. Nc3 Ngf6 9. f4 0-0 10. Be3 e6 11. d5 exd5 12. cxd5 c5 13. f5 a6 14. fxg6 hxg6 15. a4 Re8 16. Re1 Qa5 17. h3 c4 18. Qc2 Nc5 19. Bxc5 Qxc5 20. Ne4 Nxe4 21. Rxe4 Rxe4 22. Bxe4 Re8 23. Bf3 Qb4 24. Rb1 Re1+ 25. Rxe1 Qxe1+ 26. Kg2 Qb4 27. h4 b5 28. axb5 axb5 29. Qe4 Kf8 30. h5 Qxb2 31. hxg6 Qe5 32. Qb1 c3 33. Qxb5 fxg6 34. Qd3 1/2-1/2

[Event "Benidorm op U2300 11th"]
[Site "Benidorm"]
[Date "2012.12.03"]
[Round "4"]
[White "Suarez Roa, Jose Francisco"]
[Black "Serna Lara, Sergio"]
[Result "1-0"]
[WhiteElo "2141"]
[BlackElo "2230"]
[PlyCount "55"]
[EventDate "2012.11.30"]
[EventType "swiss"]
[EventRounds "10"]
[EventCountry "ESP"]
[SourceTitle "EXT 2014"]
[Source "ChessBase"]
[SourceDate "2013.11.20"]
[SourceVersion "1"]
[SourceVersionDate "2013.11.20"]
[SourceQuality "1"]

1. d4 d5 2. c4 c6 3. Nc3 Nf6 4. e3 g6 5. Nf3 Bg7 6. Be2 0-0 7. 0-0 a6 8. b3 Bf5 9. Nh4 Be6 10. Qc2 c5 11. cxd5 Nxd5 12. Nxd5 Qxd5 13. Bc4 Qg5 14. Bxe6 cxd4 15. Bxf7+ Rxf7 16. Qc8+ Rf8 17. Qxb7 Nc6 18. Qxc6 Qxh4 19. exd4 Bxd4 20. Qc4+ Kh8 21. Be3 e5 22. Bxd4 exd4 23. Rad1 Rfd8 24. Rfe1 Rd6 25. Qc7 Rad8 26. Re8+ Rxe8 27. Qxd6 a5 28. h3 1-0

[Event "Mislata op-A 20th"]
[Site "Mislata"]
[Date "2012.08.18"]
[Round "8"]
[White "Sanchez Saez, Francisco"]
[Black "Serna Lara, Sergio"]
[Result "1/2-1/2"]
[WhiteElo "2289"]
[BlackElo "2234"]
[PlyCount "98"]
[EventDate "2012.08.13"]
[EventType "swiss"]
[EventRounds "9"]
[EventCountry "ESP"]
[SourceTitle "EXT 2013"]
[Source "ChessBase"]
[SourceDate "2012.11.22"]
[SourceVersion "1"]
[SourceVersionDate "2012.11.22"]
[SourceQuality "1"]

1. e4 e6 2. b3 d5 3. Bb2 Nf6 4. e5 Nfd7 5. Qg4 c5 6. f4 Nc6 7. Nf3 Nb6 8. Na3 a6 9. Bd3 Nb4 10. 0-0 Nxd3 11. cxd3 g6 12. Rac1 Bd7 13. Kh1 Nc8 14. d4 Qb6 15. dxc5 Bxc5 16. d4 Be7 17. Nc2 Na7 18. Ne3 Bb5 19. Rf2 Bd3 20. Qh3 Nc6 21. Rd2 Be4 22. Ng5 Bxg5 23. fxg5 Qa5 24. Rf2 Bf5 25. Nxf5 gxf5 26. Rfc2 Qd8 27. Qh6 Qe7 28. g6 fxg6 29. Ba3 Qd7 30. Bd6 Rc8 31. b4 b5 32. h3 Rg8 33. Kh2 Kf7 34. Qh4 g5 35. Qxh7+ Rg7 36. Qh5+ Kg8 37. Qe2 Qb7 38. Rc5 Na7 39. Qh5 Rxc5 40. Qe8+ Kh7 41. Qh5+ Kg8 42. Rxc5 Qf7 43. Qe2 g4 44. Rc7 Qg6 45. Rxg7+ Qxg7 46. h4 Nc6 47. g3 Qh6 48. Qc2 Qe3 49. Qxc6 Qf2+ 1/2-1/2

[Event "Mislata op-A 20th"]
[Site "Mislata"]
[Date "2012.08.14"]
[Round "3"]
[White "Kovacevic, Slobodan"]
[Black "Serna Lara, Sergio"]
[Result "0-1"]
[WhiteElo "2300"]
[BlackElo "2234"]
[PlyCount "70"]
[EventDate "2012.08.13"]
[EventType "swiss"]
[EventRounds "9"]
[EventCountry "ESP"]
[SourceTitle "EXT 2013"]
[Source "ChessBase"]
[SourceDate "2012.11.22"]
[SourceVersion "1"]
[SourceVersionDate "2012.11.22"]
[SourceQuality "1"]

1. d4 e6 2. Nf3 Nf6 3. Bf4 c5 4. e3 Qb6 5. Qc1 Nc6 6. c3 Nh5 7. Bg3 Nxg3 8. hxg3 d5 9. Nbd2 cxd4 10. exd4 e5 11. Nb3 e4 12. Ng5 h6 13. Nh3 Bxh3 14. Rxh3 a5 15. Rh5 Rd8 16. Be2 Be7 17. Qc2 0-0 18. Nd2 f5 19. Qb3 Qc7 20. Nf1 Bg5 21. f4 exf3 22. gxf3 Rfe8 23. f4 Bf6 24. Rh2 Bxd4 25. Rd1 a4 26. Qxa4 Bb6 27. a3 d4 28. Qc4+ Kh8 29. Qb5 dxc3 30. Rxd8 Qxd8 31. bxc3 Ba5 32. Qc5 Nd4 33. Nd2 Bb6 34. cxd4 Bxc5 35. dxc5 Qa5 0-1

[Event "Mislata op-A 20th"]
[Site "Mislata"]
[Date "2012.08.14"]
[Round "2"]
[White "Serna Lara, Sergio"]
[Black "Nieto Tornero, Jose"]
[Result "1-0"]
[WhiteElo "2234"]
[BlackElo "1993"]
[PlyCount "95"]
[EventDate "2012.08.13"]
[EventType "swiss"]
[EventRounds "9"]
[EventCountry "ESP"]
[SourceTitle "EXT 2013"]
[Source "ChessBase"]
[SourceDate "2012.11.22"]
[SourceVersion "1"]
[SourceVersionDate "2012.11.22"]
[SourceQuality "1"]

1. d4 d5 2. c4 c6 3. Nf3 Nf6 4. e3 e6 5. b3 Nbd7 6. Bb2 Bb4+ 7. Nbd2 Ne4 8. Bd3 Qa5 9. a3 Bxd2+ 10. Nxd2 Qxd2+ 11. Qxd2 Nxd2 12. Kxd2 0-0 13. Rac1 f5 14. f3 Nf6 15. a4 Re8 16. h3 Kf7 17. g4 g6 18. Ba3 Rd8 19. Rhf1 h5 20. Rf2 dxc4 21. bxc4 b6 22. Kc3 hxg4 23. hxg4 Bb7 24. e4 c5 25. d5 exd5 26. exd5 f4 27. g5 Nh5 28. Re1 Re8 29. Rfe2 Rxe2 30. Rxe2 Bc8 31. Bc1 Bd7 32. a5 bxa5 33. Rb2 Be8 34. Rb7+ Kg8 35. Ba3 Rc8 36. Rxa7 a4 37. Ra5 Rb8 38. Bc2 Ng3 39. Bxc5 Ne2+ 40. Kd2 Ng3 41. Bd6 Rb2 42. Ra8 Kf7 43. Ra7+ Kg8 44. Bxf4 Nf1+ 45. Kc3 Ra2 46. Bd3 Ra3+ 47. Kd4 Ra1 48. c5 1-0

[Event "Almansa op 6th"]
[Site "Almansa"]
[Date "2011.08.10"]
[Round "3"]
[White "Serna Lara, Sergio"]
[Black "Martinez Lopez, David"]
[Result "1/2-1/2"]
[WhiteElo "2253"]
[BlackElo "2183"]
[PlyCount "106"]
[EventDate "2011.08.09"]
[EventType "swiss"]
[EventRounds "9"]
[EventCountry "ESP"]
[SourceTitle "CBM 144 Extra"]
[Source "ChessBase"]
[SourceDate "2011.10.28"]
[SourceVersion "1"]
[SourceVersionDate "2011.10.28"]
[SourceQuality "1"]

1. d4 e6 2. c4 Nf6 3. g3 d5 4. Nf3 dxc4 5. Bg2 Be7 6. 0-0 0-0 7. Qc2 Nc6 8. Qxc4 Nd5 9. Nc3 Nb6 10. Qd3 Bf6 11. Rd1 g6 12. Bh6 Re8 13. e4 Bh8 14. Rac1 Qe7 15. Bg5 f6 16. Be3 Nb4 17. Qe2 c6 18. a3 Na6 19. h3 Nc7 20. e5 f5 21. Bg5 Qf8 22. h4 h6 23. Bd2 Bg7 24. a4 Nbd5 25. Ne1 Qe7 26. Nd3 Kh7 27. b4 a6 28. Nxd5 exd5 29. Be3 Rg8 30. Bf1 Qe8 31. Qd2 Bf8 32. Be2 Qd8 33. Kg2 Qe8 34. Rh1 Bd7 35. Rb1 Ne6 36. Bd1 Nc7 37. Bc2 Ne6 38. Qc1 Nc7 39. Nc5 Bc8 40. Qd2 Bxc5 41. bxc5 h5 42. Qe2 Ra7 43. Qd2 Ne6 44. f3 Qf7 45. Rbf1 Ra8 46. Rb1 Ra7 47. Kf2 Rf8 48. Ke2 Rg8 49. Bg5 Re8 50. Bf6 Nxd4+ 51. Qxd4 Qxf6 52. f4 Qf7 53. Kd2 Be6 1/2-1/2

[Event "La Roda op 38th"]
[Site "La Roda"]
[Date "2011.04.21"]
[Round "2"]
[White "Hernandez Carmenates, Holden"]
[Black "Serna Lara, Sergio"]
[Result "1-0"]
[WhiteElo "2564"]
[BlackElo "2247"]
[PlyCount "85"]
[EventDate "2011.04.20"]
[EventType "swiss"]
[EventRounds "9"]
[EventCountry "ESP"]
[SourceTitle "EXT 2012"]
[Source "ChessBase"]
[SourceDate "2011.11.24"]
[SourceVersion "1"]
[SourceVersionDate "2011.11.24"]
[SourceQuality "1"]

1. d4 d5 2. c4 c6 3. Nc3 Nf6 4. e3 a6 5. Nf3 Bf5 6. Bd3 Bxd3 7. Qxd3 e6 8. 0-0 Be7 9. e4 dxe4 10. Nxe4 Nbd7 11. Bf4 Nxe4 12. Qxe4 0-0 13. Rad1 Re8 14. Rd3 Rc8 15. Rfd1 Qa5 16. a3 b5 17. c5 Qa4 18. Qe3 Nf6 19. Qc1 Nd5 20. Ne5 f6 21. Nd7 b4 22. Bg3 Qb5 23. Rb3 Qb7 24. Nb6 Nxb6 25. Rxb4 Bd8 26. cxb6 Bxb6 27. Qc5 Bxc5 28. Rxb7 Re7 29. Rxe7 Bxe7 30. Kf1 Kf7 31. Rd3 Rd8 32. Ke2 Rd5 33. Rc3 Rb5 34. Rc2 Ke8 35. a4 Rb4 36. Rxc6 Rxb2+ 37. Ke3 a5 38. Rxe6 Kd7 39. Ra6 Rb3+ 40. Ke4 Rb4 41. Kd5 Rxa4 42. Ra7+ Ke8 43. Ke6 1-0

[Event "Albacete op 18th"]
[Site "Albacete"]
[Date "2010.09.18"]
[Round "8"]
[White "Serna Lara, Sergio"]
[Black "Marholev, Dimitar"]
[Result "1/2-1/2"]
[WhiteElo "2236"]
[BlackElo "2407"]
[PlyCount "24"]
[EventDate "2010.09.14"]
[EventType "swiss"]
[EventRounds "9"]
[EventCountry "ESP"]
[SourceTitle "CBM 138 Extra"]
[Source "ChessBase"]
[SourceDate "2010.10.29"]
[SourceVersion "1"]
[SourceVersionDate "2010.10.29"]
[SourceQuality "1"]

1. d4 Nf6 2. c4 c5 3. d5 e6 4. Nc3 exd5 5. cxd5 Bd6 6. g3 0-0 7. Bg2 Bc7 8. d6 Ba5 9. Nh3 Nc6 10. 0-0 Bxc3 11. bxc3 b6 12. e4 Ba6 1/2-1/2